| 000 | 02306cam a22004934i 4500 | ||
|---|---|---|---|
| 003 | PE-LiUPU | ||
| 005 | 20250731165544.0 | ||
| 008 | 150625s1984 pe a r 000 0 spa d | ||
| 035 | _a(Sirsi) a33784 | ||
| 035 | _a(Sirsi) a33784 | ||
| 040 |
_aPE-LiUPU _bspa _cPE-LiUPU _dPE-LiUPU _erda |
||
| 082 | 0 | 4 |
_a985.01 _bV185 _221 |
| 100 | 1 |
_aValcercel, Luis E., _eautor. |
|
| 245 | 1 | 0 |
_aHistoria del Perú Antiguo : _ba travéz de la fuente escrita. _n5 / _cLuis E. Valcarcel. |
| 264 | 1 |
_aLima : _bJuan Mejía Baca, _c1984. |
|
| 300 |
_a325 páginas : _bilustraciones ; _c23 centímetros |
||
| 336 |
_atext _2rdacontent |
||
| 337 |
_aunmediated _2rdamedia |
||
| 338 |
_avolume _2rdacarrier |
||
| 505 | 0 | _aGutiérres en Santa Clara -- Zárate -- licenciado Santillán -- el palentino -- el anónimo de 1580 -- acosta - betazos -- borregán -- oliva -- herrera -- santa cruz Pachacuti -- murúa -- cabello valboa -- Pedro pizarro -- Fernández de oviedo -- López de Gomara -- matienzo. | |
| 526 | _aSEG44 | ||
| 526 | _aSEG26 | ||
| 526 | _aP151 | ||
| 526 | _aP150 | ||
| 526 | _aP149 | ||
| 526 | _aP146 | ||
| 526 | _aP145 | ||
| 526 | _aP126 | ||
| 526 | _aP125 | ||
| 526 | _aP92 | ||
| 526 | _aP75 | ||
| 526 | _aP74 | ||
| 526 | _aP27 | ||
| 526 | _aP15 | ||
| 910 |
_bksl _cksl _d20190422 |
||
| 942 |
_2ddc _cBOOK |
||
| 949 |
_aRC 985.01 V18 5 _wDEWEY _c1 _i27885 _lRC _mBUL _r0 _sY _tBOOK _u2015-6-25 _xBIBLIOTECA _zUNKNOWN _0COMPRA _o.CIRCNOTE. No olvidar cambiar la fecha de devolución!!!!!!! _o.STAFF. Colección General |
||
| 949 |
_aRC 985.01 V18 5 _wDEWEY _c2 _i23847 _lRC _mBUL _r0 _sY _tBOOK _u2015-6-25 _xBIBLIOTECA _zUNKNOWN _0COMPRA _o.CIRCNOTE. No olvidar cambiar la fecha de devolución!!!!!!! _o.STAFF. Colección General |
||
| 994 |
_aC0 _bPEPRU |
||
| 596 | _a1 | ||
| 999 |
_aRC 985.01 V18 5 _wDEWEY _c41569 _i27885 _lDISCARD _mBUL _p25.00 _r0 _sY _tBOOK _u2015-6-25 _xBIBLIOTECA _zUNKNOWN _0COMPRA _o.CIRCNOTE. No olvidar cambiar la fecha de devolución!!!!!!! _o.STAFF. Colección General _d41569 |
||
| 999 |
_aRC 985.01 V18 5 _wDEWEY _c2 _i23847 _d2016-4-14 _e2015-11-6 _f2021-11-8 _g5 _lCCODEBUL1 _mBUL _n1 _p25.00 _r0 _sY _tBOOK _u2015-6-25 _xBIBLIOTECA _zUNKNOWN _0COMPRA _o.CIRCNOTE. _o.STAFF. Colección Ciencias Humanas y Educación |
||
| 980 |
_81 _gALBERTO SANCHEZ Responsable de Automatización |
||